| 000 | 003920000a22001690004500 | ||
|---|---|---|---|
| 003 | LK-CoMWRAF | ||
| 008 | 230817t ||||| |||| 00| 0 eng d | ||
| 040 |
_aLK-CoMWRAF _dLK-CoMWRAF _eLK-CoMWRAF |
||
| 041 | _aeng | ||
| 082 |
_a750 _bTHA |
||
| 100 | _aThawfeeq, M.M. | ||
| 245 |
_aMuslim mosaics _b |
||
| 260 |
_acolombo _bKrishnaswamy |
||
| 300 | _ap.152 | ||
| 650 | _amuslims | ||
| 942 | _cBK | ||
| 999 |
_c2600 _d2600 |
||